000
00272nmm a2200097Ia 4500
008
220120s9999||||xx |||||||||||||||||und||
020
_a
978-0-07-060092-8
100
_a
EFY
245
0
_a
Deepin 15.1, linuxlite 2.8, rockstar, clonezilla 2.4.5, free
260
_a
EFY
_b
New Delhi
999
_c
140000
_d
140000